Major foreign powers

Uloženo v:
Podrobná bibliografie
Hlavní autoři: Carter; Gwendolen M (Autor), Herz, John H (Autor)
Médium: Kniha
Jazyk:angličtina
Vydáno: Nueva York Harcourt, Brace and World 1962
Vydání:4a. ed
Témata:
Tagy: Přidat tag
Žádné tagy, Buďte první, kdo vytvoří štítek k tomuto záznamu!

MARC

LEADER 00000cam a2200000 a 4500
001 UCD4270
003 CL-VaPUC
008 160701e19620000us |||||||||||||||||eng|d
082 0 4 |a 338.9  |b CAR  |2 21 
100 0 |a Carter; Gwendolen M  |e author  |9 587927 
700 |a Herz, John H  |e author  |9 587928 
245 1 0 |a Major foreign powers 
250 |a 4a. ed 
300 |a 692 p 
942 |c BK 
945 |d 20160701 20:49:00  |a arojas 
260 |a Nueva York  |b Harcourt, Brace and World  |c 1962 
650 0 |a Regímenes políticos  |9 255513 
650 7 |a POTENCIAS  |2 CL-VaPUC  |9 369385 
650 7 |a GOBIERNO COMPARADO  |2 CL-VaPUC  |9 468799 
650 0 |a Política económica   |9 255029 
651 0 |a Gran Bretaña  |9 256767 
583 |a last modification  |c 20160701 20:49:00  |k Rodrigo Vera 
999 |c 365208  |d 365206 
952 |0 0  |1 0  |3 erb  |4 0  |6 338_900000000000000_CAR_1962  |7 0  |8 A  |9 478997  |a FDOHBE  |b FDOHBE  |e Huesbe Llanos, Marco Antonio, 1934-  |i 5333296  |o 338.9 CAR 1962  |p 5333296  |r 2024-01-30  |w 2019-11-24  |y BK  |z Catalogado en:20160701  |k HBE